Imiona znanych osób #2 - Statystyki

Ogólne statystyki
  • Ten quiz został rozwiązany 339 razy
    281 od ostatniego zresetowania
  • Średni wynik to 7 z 10
Statystyki odpowiedzi
Imię Nazwisko % Poprawnych
Leonardo DiCaprio
97%
Napoléon Bonaparte
92%
Cristiano Ronaldo
90%
Taylor Swift
81%
Winston Churchill
81%
Karol Marks
59%
Ferdynand Magellan
57%
Rafael Nadal
54%
Steven Spielberg
52%
Nelson Mandela
49%
Nie znaleziono quizów pasujących do podanych kryteriów
Rozkład punktacji
Procent ludzi z każdym wynikiem
Percentyl według liczby udzielonych odpowiedzi
Twoja historia wyników
Nie rozwiązałeś tego quizu od ostatniego zresetowania